| 000 | 00515nam a2200181 i 4500 | ||
|---|---|---|---|
| 001 | 98201 | ||
| 003 | ES-MaACL | ||
| 005 | 20240421063023.0 | ||
| 007 | t| | ||
| 008 | 050726s1961 sp ||||1| spa d | ||
| 100 | 1 |
_aMarrodán, Mario Ángel, _d1932-2005 _977080 |
|
| 245 | 1 | 4 |
_aLos nimbos / _cMario Angel Marrodán. |
| 260 |
_aMadrid : _bAgora, _c1961. |
||
| 300 |
_a43 p. ; _c25 cm. |
||
| 852 |
_aES-MaACL _j2021-F-25 _bR.47750 |
||
| 852 |
_aES-MaACL _j2023-F-17 _bR.48436 |
||
| 999 |
_c98201 _d98201 |
||